Weiterleben: [Beitr. zur Suizidverhütung]

Guardado en:  
Detalles Bibliográficos
Autor principal: Bussmann, Jürgen (Autor)
Tipo de documento: Print Libro
Lenguaje:Alemán
Publicado: Hamm Hoheneck-Verlag 1982
En:Año: 1982
Acceso en línea: Índice
Disponibilidad en Tübingen:Disponible en Tübingen.
IFK: C XVIII 75
Verificar disponibilidad: HBZ Gateway
Servicio de pedido Subito: Pedir ahora.
Palabras clave:

MARC

LEADER 00000cam a2200000 c 4500
001 054953707
003 DE-627
005 20231016225928.0
007 tu
008 970322s1982 gw ||||| 00| ||ger c
015 |a 82,A29,0228  |2 dnb 
016 7 |a 820724440  |2 DE-101 
020 |a 3778107437  |c  : DM 2.00 (kart.)  |9 3-7781-0743-7 
035 |a (DE-627)054953707 
035 |a (DE-576)008744394 
035 |a (DE-599)GBV054953707 
035 |a (OCoLC)74521869 
035 |a (OCoLC)74521869 
035 |a (DE-604)8064735478 
040 |a DE-627  |b ger  |c DE-627  |e rakwb 
041 |a ger 
044 |c XA-DE 
084 |a 14  |a 33  |2 sdnb 
084 |a MS 6410  |2 rvk  |0 (DE-625)rvk/123754: 
100 1 |a Bussmann, Jürgen  |4 aut 
245 1 0 |a Weiterleben  |b [Beitr. zur Suizidverhütung]  |c von Jürgen Bussmann. Unter Mitarb. von H. v. Papen u. L. S. Weilemann. [Hrsg.: Kath. Sozialeth. Arbeitsstelle e.V.] 
264 1 |a Hamm  |b Hoheneck-Verlag  |c 1982 
300 |a 71 S  |c 21 cm 
336 |a Text  |b txt  |2 rdacontent 
337 |a ohne Hilfsmittel zu benutzen  |b n  |2 rdamedia 
338 |a Band  |b nc  |2 rdacarrier 
490 0 |a Jugendschutz aktuell 
500 |a Literaturverz. S. 68 - 70 
583 1 |a Archivierung prüfen  |c 20230513  |f DE-640  |z 3  |2 pdager 
689 0 0 |d s  |0 (DE-588)4077352-8  |0 (DE-627)104359811  |0 (DE-576)209204818  |a Suizidverhütung  |2 gnd 
689 0 |5 (DE-627) 
856 4 2 |u http://d-nb.info/820724440/04  |m B:DE-101  |q application/pdf  |v 20130501  |x Verlag  |3 Inhaltsverzeichnis  |7 1 
935 |i Blocktest 
936 r v |a MS 6410  |b Sucht, Selbstmord, Tabus, Alkoholismus  |k Soziologie  |k Spezielle Soziologien  |k Soziale Probleme  |k Sucht, Selbstmord, Tabus, Alkoholismus  |0 (DE-627)1271141701  |0 (DE-625)rvk/123754:  |0 (DE-576)201141701 
951 |a BO 
ELC |b 1 
LOK |0 000 xxxxxcx a22 zn 4500 
LOK |0 001 3175476406 
LOK |0 003 DE-627 
LOK |0 004 054953707 
LOK |0 005 20130425164547 
LOK |0 008 940328||||||||||||||||ger||||||| 
LOK |0 040   |a DE-21-110  |c DE-627  |d DE-21-110 
LOK |0 689   |a s  |a Selbstmord 
LOK |0 852   |a DE-21-110 
LOK |0 852 1  |c C XVIII 75  |m p  |9 00 
LOK |0 935   |a k110 
LOK |0 936ln  |a 9.8 
LOK |0 938   |k p 
LOK |0 939   |a 28-03-94  |b l01 
ORI |a SA-MARC-krimdoka001.raw 
SIG |a IFK: C XVIII 75